[Event "Los Angeles 1000GM Spring op"]
[Site "Los Angeles"]
[Date "2023.03.19"]
[Round "4"]
[White "Andersen, Gunnar James"]
[Black "Tarjan, James Edward"]
[Result "1/2-1/2"]
[WhiteElo "2247"]
[BlackElo "2359"]
[PlyCount "58"]
[EventDate "2023.03.17"]
[EventType "swiss"]
[EventRounds "9"]
[EventCountry "USA"]
[SourceTitle "CBM 213 Extra"]
[Source "ChessBase"]
[SourceDate "2023.05.31"]
[SourceVersion "1"]
[SourceVersionDate "2023.05.31"]
[SourceQuality "1"]

1. e4 e5 2. Nf3 Nc6 3. Bb5 a6 4. Ba4 Nf6 5. 0-0 Be7 6. Re1 b5 7. Bb3 d6 8. c3 0-0 9. h3 Na5 10. Bc2 c5 11. d4 Qc7 12. d5 Bd7 13. b3 Rfb8 14. Be3 Nb7 15. Nbd2 Ne8 16. Qe2 Nd8 17. Nf1 g6 18. a3 Ng7 19. N3h2 f6 20. g4 Nf7 21. Ra2 Kh8 22. Ng3 a5 23. Rea1 a4 24. b4 Rg8 25. Kh1 c4 26. Rg1 Raf8 27. Raa1 Qc8 28. h4 Bd8 29. h5 g5 1/2-1/2

[Event "Los Angeles 1000GM Spring op"]
[Site "Los Angeles"]
[Date "2023.03.19"]
[Round "5"]
[White "Katz, Alexander R"]
[Black "Andersen, Gunnar James"]
[Result "0-1"]
[WhiteElo "2470"]
[BlackElo "2247"]
[PlyCount "78"]
[EventDate "2023.03.17"]
[EventType "swiss"]
[EventRounds "9"]
[EventCountry "USA"]
[SourceTitle "CBM 213 Extra"]
[Source "ChessBase"]
[SourceDate "2023.05.31"]
[SourceVersion "1"]
[SourceVersionDate "2023.05.31"]
[SourceQuality "1"]

1. e4 c5 2. Nf3 Nc6 3. d4 cxd4 4. Nxd4 e5 5. Nb5 d6 6. c4 Be6 7. Be3 Nf6 8. f3 a6 9. N5c3 g6 10. Be2 Bg7 11. 0-0 0-0 12. Kh1 Rc8 13. Na3 Nd4 14. Rc1 Nh5 15. Qd2 Nf4 16. Rfd1 f5 17. exf5 Nxf5 18. Ne4 Rc6 19. g3 Nxe2 20. Qxe2 Nd4 21. Bxd4 exd4 22. h4 Re8 23. Re1 d5 24. Ng5 dxc4 25. Nxc4 Qc7 26. Qe4 Bf7 27. Qd3 Rxe1+ 28. Rxe1 Rxc4 29. Kg2 Rc2+ 30. Kh3 Qc8+ 31. g4 Qc7 32. Rh1 Bc4 33. Qd1 h6 34. Ne4 Be2 35. Qe1 Bxf3 36. Nf2 Rxf2 37. Qe8+ Kh7 38. h5 Bg2+ 39. Kh4 g5# 0-1

[Event "New York Winter GM-D"]
[Site "New York"]
[Date "2023.01.16"]
[Round "8"]
[White "Griffith, Kyron"]
[Black "Andersen, Gunnar James"]
[Result "1-0"]
[WhiteElo "2363"]
[BlackElo "2220"]
[PlyCount "123"]
[EventDate "2023.01.12"]
[EventType "tourn"]
[EventRounds "9"]
[EventCountry "USA"]
[SourceTitle "CBM 212 Extra"]
[Source "ChessBase"]
[SourceDate "2023.03.31"]
[SourceVersion "1"]
[SourceVersionDate "2023.03.31"]
[SourceQuality "1"]

1. e4 c5 2. Nf3 Nc6 3. d4 cxd4 4. Nxd4 e5 5. Nb5 d6 6. c4 Be6 7. N1c3 a6 8. Na3 g6 9. Be2 Bg7 10. 0-0 Nf6 11. Be3 0-0 12. f3 Rc8 13. Rc1 Nd4 14. Bd3 Nh5 15. Qd2 Nf4 16. Nd5 Bxd5 17. cxd5 Rxc1 18. Rxc1 b5 19. Bf1 g5 20. Nc2 Qf6 21. Nxd4 exd4 22. Bxf4 gxf4 23. Bd3 Ra8 24. Qa5 Bf8 25. Qb6 Qe7 26. Qc7 Ra7 27. Qxe7 Bxe7 28. Rc8+ Kg7 29. g3 fxg3 30. hxg3 b4 31. Kf2 a5 32. f4 f6 33. Kf3 Kf7 34. Kg4 a4 35. Kf5 a3 36. b3 Rd7 37. g4 Rd8 38. Rc4 Rb8 39. Rxd4 Bd8 40. Rc4 Ke7 41. Rc2 Bb6 42. Rh2 Rh8 43. Rh6 Bd4 44. Bb5 Kf7 45. Bd7 Ke7 46. Be6 Bb2 47. g5 fxg5 48. Kxg5 Bd4 49. Kg4 Bg7 50. Rh5 h6 51. Kf3 Rf8 52. Ke3 Bb2 53. Bf5 Bc1+ 54. Kf3 Rf6 55. e5 Rf8 56. Ke4 Rh8 57. Rh1 Bb2 58. Rg1 Re8 59. Be6 Rf8 60. Rg7+ Ke8 61. Rb7 dxe5 62. f5 1-0

[Event "Chesterfield SPICE Cup op"]
[Site "Chesterfield"]
[Date "2022.12.23"]
[Round "9"]
[White "Andersen, Gunnar James"]
[Black "Kaufman, Raymond"]
[Result "1/2-1/2"]
[WhiteElo "2244"]
[BlackElo "2174"]
[PlyCount "138"]
[EventDate "2022.12.18"]
[EventType "swiss"]
[EventRounds "9"]
[EventCountry "USA"]
[SourceTitle "CBM 212 Extra"]
[Source "ChessBase"]
[SourceDate "2023.03.31"]
[SourceVersion "1"]
[SourceVersionDate "2023.03.31"]
[SourceQuality "1"]

1. e4 e6 2. d4 d5 3. e5 c5 4. c3 Nc6 5. Nf3 Bd7 6. Be2 Qb6 7. 0-0 Nh6 8. dxc5 Bxc5 9. b4 Be7 10. c4 Nxb4 11. a3 Nc6 12. cxd5 exd5 13. Nc3 d4 14. Rb1 Qd8 15. Nxd4 Nxd4 16. Qxd4 Bc6 17. Qf4 0-0 18. Rd1 Qc8 19. Qg3 Qe6 20. Bc4 Qg4 21. Bxh6 Qxg3 22. hxg3 gxh6 23. e6 fxe6 24. Bxe6+ Kg7 25. a4 Bc5 26. Rb2 Rad8 27. Bd5 Rf5 28. Bxc6 Rxd1+ 29. Nxd1 bxc6 30. Rc2 Kf7 31. Kf1 Ke6 32. Nb2 Kd5 33. Nd3 Bd6 34. Ke2 c5 35. f4 h5 36. Kf3 Rf8 37. Rd2 Kc6 38. Ke4 Re8+ 39. Ne5+ Bxe5 40. fxe5 c4 41. Kf5 Kc5 42. e6 c3 43. Rd7 a5 44. Rc7+ Kd4 45. Rd7+ Kc5 46. Rc7+ Kd6 47. Rxc3 Rxe6 48. Rd3+ Ke7 49. Rd5 Rg6 50. Rxa5 Rxg3 51. Re5+ Kd6 52. Re2 Ra3 53. Kg5 Rxa4 54. Kxh5 Kd5 55. Re7 Ra2 56. g4 Rh2+ 57. Kg5 Kd6 58. Re4 Kd5 59. Re1 Kd6 60. Kf6 Rf2+ 61. Kg5 Rh2 62. Re8 Kd7 63. Re4 Kd6 64. Kf6 Kd5 65. Re5+ Kd6 66. Ra5 h6 67. Ra6+ Kd7 68. Ra7+ Kd6 69. Kg6 Rh4 1/2-1/2

[Event "Chesterfield SPICE Cup op"]
[Site "Chesterfield"]
[Date "2022.12.22"]
[Round "7"]
[White "Andersen, Gunnar James"]
[Black "Homa, Seth"]
[Result "1-0"]
[WhiteElo "2244"]
[BlackElo "2244"]
[PlyCount "111"]
[EventDate "2022.12.18"]
[EventType "swiss"]
[EventRounds "9"]
[EventCountry "USA"]
[SourceTitle "CBM 212 Extra"]
[Source "ChessBase"]
[SourceDate "2023.03.31"]
[SourceVersion "1"]
[SourceVersionDate "2023.03.31"]
[SourceQuality "1"]

1. e4 e5 2. Nf3 Nc6 3. Bb5 a6 4. Ba4 Nf6 5. 0-0 Be7 6. Re1 b5 7. Bb3 0-0 8. a4 Bb7 9. d3 d6 10. Bd2 Qd7 11. h3 Nd8 12. Nc3 Ne6 13. Be3 c5 14. Ne2 Qc7 15. Ng3 c4 16. Ba2 Rfe8 17. a5 Rac8 18. Bb6 Qc6 19. c3 Bd8 20. Bxd8 Rexd8 21. d4 Nf4 22. Bb1 g6 23. Qc1 Qc7 24. Qe3 Qe7 25. Bc2 h5 26. Ne2 Nxe2+ 27. Rxe2 Nh7 28. b4 cxb3 29. Bxb3 Kg7 30. Rd1 Qc7 31. Red2 Qxc3 32. Rd3 Qb4 33. dxe5 Qxe4 34. Qd2 Qf5 35. exd6 Rc5 36. Re3 Nf6 37. Re7 Bd5 38. Re5 Bxb3 39. Rxf5 Rxf5 40. Re1 Rd5 41. Qb2 Bc4 42. g4 hxg4 43. hxg4 g5 44. Re5 Rd1+ 45. Kg2 Bf1+ 46. Kg3 R8xd6 47. Rxg5+ Kf8 48. Qb4 Be2 49. Rf5 Kg7 50. Qf4 R1d3 51. Qg5+ Kf8 52. Kg2 Ne4 53. Qh4 Kg8 54. Ne5 Rd1 55. Nxf7 Bf1+ 56. Kh2 1-0

[Event "Chesterfield SPICE Cup op"]
[Site "Chesterfield"]
[Date "2022.12.19"]
[Round "3"]
[White "Andersen, Gunnar James"]
[Black "Juksta, Karolis"]
[Result "1/2-1/2"]
[WhiteElo "2244"]
[BlackElo "2398"]
[PlyCount "79"]
[EventDate "2022.12.18"]
[EventType "swiss"]
[EventRounds "9"]
[EventCountry "USA"]
[SourceTitle "CBM 212 Extra"]
[Source "ChessBase"]
[SourceDate "2023.03.31"]
[SourceVersion "1"]
[SourceVersionDate "2023.03.31"]
[SourceQuality "1"]

1. e4 e6 2. d4 d5 3. e5 c5 4. c3 Nc6 5. Nf3 Nge7 6. Be2 Nf5 7. 0-0 cxd4 8. Nxd4 Ncxd4 9. cxd4 Qb6 10. Bd3 Bd7 11. Bxf5 exf5 12. Nc3 Qa5 13. Qf3 Be6 14. Bd2 Be7 15. Qg3 g6 16. Rac1 0-0 17. h4 Rfc8 18. Rcd1 Qb6 19. Bc1 h5 20. Ne2 Kh7 21. Nf4 Rc4 22. Qf3 Qd8 23. Nxh5 Bxh4 24. g3 Be7 25. Kg2 Rxc1 26. Rxc1 gxh5 27. Rh1 h4 28. Qh5+ Kg7 29. gxh4 Qh8 30. Qf3 Bd8 31. Qa3 Qh5 32. Rcg1 Bb6 33. Kh2+ Kh7 34. Rg5 Qe2 35. Rhg1 Bxd4 36. Kh1 Qe4+ 37. R1g2 Qe1+ 38. Rg1 Qe4+ 39. R1g2 Qe1+ 40. Rg1 1/2-1/2